| 000 | 01248nam0a22002891 4500 | ||
|---|---|---|---|
| 001 | v19\rc\2060631 | ||
| 005 | 20250620024503.0 | ||
| 035 | _a(NLR Aleph) 005137499 | ||
| 090 |
_a4769697 _c4769697 |
||
| 100 | _a20081111e19091909|||y0rusy50 ca | ||
| 101 | 0 | _arus | |
| 102 | _aRU | ||
| 105 | _ay z ||||| | ||
| 200 | 1 |
_aСлучай левосторонней паховой грыжи слепой кишки и червеобразного отростка _f(Из Матвеевской зем. лечебнице Бугурусл. уезда) _gФ.О. Розенбергер |
|
| 210 |
_aМосква _cТ-во скоропеч. А.А. Левенсон _d1909- |
||
| 215 |
_a2 с. _d25 |
||
| 300 | _aНа обл. только название журн.: Хирургия | ||
| 309 | _aБез тит. л. | ||
| 311 | _aИз журн. "Хирургия", № 153 за 1909 г. | ||
| 316 |
_aЭкз. РНБ (99-7/498): с автогр. автора _5NLR: 99-7/498 |
||
| 488 | 0 |
_12001#$aХирургия$v1909, № 153 _tХирургия |
|
| 700 | 1 |
_aРозенбергер _bФ.О. _f1879- _gФедор Освальдович |
|
| 801 | 0 |
_aRU _bNLR _gpsbo |
|
| 801 | 1 |
_aRU _bProSoft-M _2rusmarc |
|
| 852 |
_aNLR _j99-7/498 |
||
| 942 | _cBOOK | ||
| 980 | _aNB | ||